[Event "Dortmund1"]
[Site "Dortmund"]
[Date "2006.05.10"]
[Round "5"]
[White "Gegner, Michael"]
[Black "Grawe, Herbert"]
[Result "0-1"]
[WhiteElo "1412"]
[BlackElo "1477"]
[PlyCount "58"]
[EventDate "2006.10.15"]
[EventType "swiss"]
[EventRounds "9"]
[EventCountry "GER"]
[SourceTitle "EXT 2007"]
[Source "ChessBase"]
[SourceDate "2006.11.23"]
[SourceVersion "1"]
[SourceVersionDate "2006.11.23"]
[SourceQuality "1"]

1. d4 Nc6 2. e4 e5 3. c3 a6 4. f4 exd4 5. cxd4 d5 6. e5 Nce7 7. Nf3 Nf5 8. Be2 c5 9. Nc3 cxd4 10. Nxd4 Qh4+ 11. g3 Nxg3 12. Nf3 Qh3 13. Rg1 Nxe2 14. Qxe2 Bg4 15. Rg3 Qh5 16. Nxd5 Rc8 17. Be3 Ne7 18. Nxe7 Bxe7 19. Qg2 Bxf3 20. Rxf3 Bb4+ 21. Kf1 0-0 22. Rg3 Qf5 23. Rxg7+ Kh8 24. Rd1 Rc2 25. Qg3 Qe4 26. Kg1 Rxb2 27. Bd4 Rb1 28. Rxb1 Qxb1+ 29. Kf2 Be1+ 0-1

[Event "Dortmund1"]
[Site "Dortmund"]
[Date "2006.05.02"]
[Round "3"]
[White "Skoecz, Horst"]
[Black "Grawe, Herbert"]
[Result "0-1"]
[WhiteElo "1456"]
[BlackElo "1477"]
[PlyCount "120"]
[EventDate "2006.10.15"]
[EventType "swiss"]
[EventRounds "9"]
[EventCountry "GER"]
[SourceTitle "EXT 2007"]
[Source "ChessBase"]
[SourceDate "2006.11.23"]
[SourceVersion "1"]
[SourceVersionDate "2006.11.23"]
[SourceQuality "1"]

1. e4 Nc6 2. d4 e5 3. Nf3 f6 4. a3 a6 5. Bc4 exd4 6. Nh4 Nge7 7. 0-0 g6 8. b4 Bg7 9. Bb2 Ne5 10. Bb3 c6 11. Bxd4 d5 12. f4 Nf7 13. Re1 0-0 14. c3 Kh8 15. Qe2 dxe4 16. Qxe4 Nd5 17. Nxg6+ hxg6 18. Qxg6 Nxf4 19. Qg3 Bh6 20. Qh4 Nd5 21. Ra2 Rg8 22. Bxd5 Qxd5 23. Rd2 Kh7 24. Bxf6 Rg4 25. Rxd5 Rxh4 26. Bxh4 cxd5 27. Re8 b5 28. Bg3 Kg6 29. Bc7 Bb7 30. Re6+ Kf5 31. Rb6 Be3+ 32. Kf1 Bxb6 33. Bxb6 Ne5 34. Nd2 Rc8 35. Bd4 Re8 36. Bxe5 Rxe5 37. Kf2 Kf4 38. g3+ Kg4 39. Nb3 Kh3 40. Nd4 Bc8 41. Nc6 Rf5+ 42. Ke3 Kxh2 43. Nd4 Rf8 44. Ne2 Bg4 45. Nf4 Kxg3 46. Nxd5 Re8+ 47. Kd4 Re1 48. Nc7 Bc8 49. Kc5 Ra1 50. Kb6 Rxa3 51. Nd5 Kf3 52. Kc7 Be6 53. Nb6 Rxc3+ 54. Kb7 Rb3 55. Kxa6 Rxb4 56. Ka5 Rb1 57. Ka6 b4 58. Kb5 b3 59. Kb4 Re1 60. Ka3 Ke3 0-1

[Event "Dortmund op"]
[Site "Dortmund"]
[Date "2006.03.14"]
[Round "5.25"]
[White "Orlowski, Wilfried"]
[Black "Grawe, Herbert"]
[Result "1-0"]
[WhiteElo "1590"]
[BlackElo "1477"]
[PlyCount "79"]
[EventDate "2006.03.06"]
[EventType "swiss"]
[EventRounds "9"]
[EventCountry "GER"]
[SourceTitle "CBM 111 Extra"]
[Source "ChessBase"]
[SourceDate "2006.05.09"]
[SourceVersion "1"]
[SourceVersionDate "2006.05.09"]
[SourceQuality "1"]

1. c4 Nc6 2. Nc3 e5 3. d3 a6 4. e4 Bc5 5. Rb1 d6 6. a3 Nf6 7. Be2 Nd4 8. h3 c6 9. b4 Ba7 10. Nf3 Nxe2 11. Qxe2 h6 12. 0-0 Be6 13. Be3 b6 14. Nh2 Nh7 15. f4 exf4 16. Rxf4 0-0 17. Rbf1 Ng5 18. Qh5 Qd7 19. Rh4 f6 20. Ng4 Nh7 21. Qg6 Bxg4 22. Rxg4 Ng5 23. Rf5 Qf7 24. Qxf7+ Rxf7 25. h4 g6 26. Rf1 f5 27. exf5 gxf5 28. Rg3 f4 29. Rxf4 Rxf4 30. Bxf4 b5+ 31. Kh2 Rf8 32. Bxd6 Kh7 33. Bxf8 Bb8 34. hxg5 hxg5 35. Kh3 Bxg3 36. Kxg3 Kg6 37. Kg4 Kf7 38. Bh6 Ke6 39. Bxg5 Ke5 40. Be3 1-0

[Event "Dortmund ABC Serie A-23"]
[Site "Dortmund"]
[Date "2005.04.16"]
[Round "2"]
[White "Skoecz, Horst"]
[Black "Grawe, Herbert"]
[Result "0-1"]
[WhiteElo "1448"]
[BlackElo "1474"]
[PlyCount "74"]
[EventDate "2005.04.13"]
[EventType "tourn"]
[EventRounds "13"]
[EventCountry "GER"]
[SourceTitle "EXT 2007"]
[Source "ChessBase"]
[SourceDate "2006.11.23"]
[SourceVersion "1"]
[SourceVersionDate "2006.11.23"]
[SourceQuality "1"]

1. e4 c5 2. d4 cxd4 3. Qxd4 Nc6 4. Qd1 Nf6 5. Bd3 d5 6. exd5 Nxd5 7. Nc3 Ndb4 8. a3 Nxd3+ 9. Qxd3 Bd7 10. Bf4 e5 11. Bd2 f5 12. Nge2 e4 13. Qd5 Qe7 14. Nb5 Rc8 15. Bf4 Be6 16. Qd2 Rd8 17. Qe3 Qd7 18. 0-0 Kf7 19. Nbc3 b6 20. Rfd1 Qc8 21. Rxd8 Nxd8 22. Rd1 Bc5 23. Qg3 Re8 24. Be5 g6 25. Qf4 Qb7 26. Qh6 Kg8 27. Nf4 Bf8 28. Qg5 Nf7 29. Qf6 Nxe5 30. Nxe6 Ng4 31. Nd8 Qc7 32. Qh4 e3 33. fxe3 Nxe3 34. Rd2 Bc5 35. Kh1 Ng4 36. Nb5 Re1+ 37. Qxe1 Qxh2# 0-1

[Event "Dortmund ABC Serie A-22"]
[Site "Dortmund"]
[Date "2004.11.24"]
[Round "11"]
[White "Skoecz, Horst"]
[Black "Grawe, Herbert"]
[Result "1-0"]
[WhiteElo "1349"]
[BlackElo "1484"]
[PlyCount "83"]
[EventDate "2004.10.06"]
[EventType "tourn"]
[EventRounds "13"]
[EventCountry "GER"]
[SourceTitle "EXT 2006"]
[Source "ChessBase"]
[SourceDate "2005.11.24"]
[SourceVersion "1"]
[SourceVersionDate "2005.11.24"]
[SourceQuality "1"]

1. e4 c5 2. Bc4 e6 3. Nf3 a6 4. d4 cxd4 5. Nxd4 b6 6. Qd3 Bb7 7. Nc3 Nf6 8. Bg5 Be7 9. Nf3 h6 10. Bxf6 Bxf6 11. e5 Be7 12. 0-0-0 0-0 13. Ne4 Bc6 14. Nd4 Bb7 15. Rhg1 Qc7 16. Nf3 Rd8 17. Nd6 Nc6 18. Qc3 b5 19. Bd3 b4 20. Qc4 Qb6 21. Qe4 Bxd6 22. Qh7+ Kf8 23. exd6 f5 24. Nh4 Ne5 25. Ng6+ Nxg6 26. Qxg6 Qxd6 27. g3 Qe7 28. f4 a5 29. Rde1 Qc5 30. g4 Be4 31. gxf5 Bxd3 32. Qxg7+ Ke8 33. Qg6+ Ke7 34. f6+ Kd6 35. Qxd3+ Kc7 36. Rg7 Qf8 37. Qc4+ Kb6 38. Qd4+ Kc6 39. Re7 h5 40. Qc4+ Kb6 41. Qd4+ Kc7 42. R1xe6 1-0

[Event "Dortmund ABC Serie A-22"]
[Site "Dortmund"]
[Date "2004.11.19"]
[Round "10"]
[White "Grawe, Herbert"]
[Black "Thavarajah, Sutharjan"]
[Result "1-0"]
[WhiteElo "1484"]
[BlackElo "1332"]
[PlyCount "95"]
[EventDate "2004.10.06"]
[EventType "tourn"]
[EventRounds "13"]
[EventCountry "GER"]
[SourceTitle "EXT 2006"]
[Source "ChessBase"]
[SourceDate "2005.11.24"]
[SourceVersion "1"]
[SourceVersionDate "2005.11.24"]
[SourceQuality "1"]

1. d4 d5 2. Nc3 Nf6 3. f3 Bf5 4. g4 Bg6 5. Bg5 e6 6. e4 h6 7. e5 hxg5 8. exf6 Qxf6 9. Bb5+ c6 10. Be2 Bd6 11. Bd3 Bxd3 12. Qxd3 Bxh2 13. Nge2 Nd7 14. 0-0-0 Bf4+ 15. Nxf4 Qxf4+ 16. Kb1 0-0-0 17. Ne2 Qf6 18. Ng3 Rh4 19. Nh5 Qh6 20. Qd2 g6 21. Rxh4 f6 22. Rdh1 gxh5 23. Rxh5 Qg7 24. Qh2 Nf8 25. f4 Re8 26. fxg5 e5 27. gxf6 Qxf6 28. Rf5 Qg6 29. Rhf1 Ne6 30. dxe5 Re7 31. Qg3 Kc7 32. Rf6 Qh7 33. g5 Nc5 34. e6+ Kb6 35. Rf7 Ne4 36. Qb3+ Ka6 37. Qa3+ Kb6 38. Rxh7 Rxh7 39. Qe3+ Kb5 40. a3 Rh2 41. Rf7 Nd2+ 42. Ka2 b6 43. Rxa7 Nc4 44. Qb3+ Kc5 45. e7 Re2 46. g6 Re3 47. Qb4+ Kd4 48. b3 1-0

[Event "Dortmund ABC Serie A-21"]
[Site "Dortmund"]
[Date "2004.06.04"]
[Round "10"]
[White "Gennat, Egon Leopold"]
[Black "Grawe, Herbert"]
[Result "0-1"]
[WhiteElo "1379"]
[BlackElo "1422"]
[PlyCount "154"]
[EventDate "2004.04.21"]
[EventType "tourn"]
[EventRounds "11"]
[EventCountry "GER"]
[SourceTitle "EXT 2006"]
[Source "ChessBase"]
[SourceDate "2005.11.24"]
[SourceVersion "1"]
[SourceVersionDate "2005.11.24"]
[SourceQuality "1"]

1. c4 c5 2. Nc3 a6 3. Nf3 e6 4. e3 Nf6 5. d4 cxd4 6. exd4 d6 7. Bd3 Be7 8. Bg5 Nbd7 9. Qa4 0-0 10. Ne4 h6 11. Bh4 g5 12. Bg3 Nxe4 13. Bxe4 f5 14. Qc2 fxe4 15. Qxe4 Qa5+ 16. Nd2 Rf6 17. a3 Nf8 18. h4 Qf5 19. hxg5 hxg5 20. 0-0-0 Bd7 21. f3 Bc6 22. Qxf5 Rxf5 23. Ne4 d5 24. Nd6 Bxd6 25. Bxd6 Kf7 26. c5 Ng6 27. Rdf1 e5 28. g4 Rf4 29. Rh7+ Kf6 30. dxe5+ Nxe5 31. Rh6+ Ng6 32. Bxf4 gxf4 33. Re1 d4 34. Rh3 Rd8 35. Kd2 Rd5 36. b4 Kg7 37. Re4 Ne5 38. Rxf4 Nc4+ 39. Kd3 Ne5+ 40. Kd2 Bb5 41. Rh5 Nc4+ 42. Kd3 Rxh5 43. gxh5 Nxa3+ 44. Kxd4 Nc2+ 45. Kc3 Ne3 46. Kd4 Nf1 47. Rg4+ Kh6 48. Rh4 Ng3 49. Ke5 Nxh5 50. f4 Kg6 51. Rg4+ Kf7 52. f5 Nf6 53. Rh4 Bd7 54. Rf4 Ng8 55. Kd6 Bc6 56. Ke5 Ne7 57. f6 Ng6+ 58. Kf5 Nxf4 59. Kxf4 Kxf6 60. Ke3 Ke5 61. Kd3 Kd5 62. Kc3 Bb5 63. Kb3 Kd4 64. Ka3 Kc3 65. c6 bxc6 66. Ka2 Kxb4 67. Kb2 c5 68. Ka2 c4 69. Kb2 a5 70. Kc2 a4 71. Kb2 c3+ 72. Ka2 a3 73. Kb1 Bc4 74. Ka1 Bb3 75. Kb1 c2+ 76. Kc1 a2 77. Kb2 a1Q+ 0-1

[Event "Dortmund ABC Serie A-21"]
[Site "Dortmund"]
[Date "2004.05.26"]
[Round "8"]
[White "Grawe, Herbert"]
[Black "Thavarajah, Sutharjan"]
[Result "1-0"]
[WhiteElo "1422"]
[BlackElo "1400"]
[PlyCount "83"]
[EventDate "2004.04.21"]
[EventType "tourn"]
[EventRounds "11"]
[EventCountry "GER"]
[SourceTitle "EXT 2006"]
[Source "ChessBase"]
[SourceDate "2005.11.24"]
[SourceVersion "1"]
[SourceVersionDate "2005.11.24"]
[SourceQuality "1"]

1. d4 f5 2. f3 Nf6 3. Nc3 d5 4. Bg5 e6 5. e4 fxe4 6. fxe4 Be7 7. e5 Nfd7 8. Bxe7 Qxe7 9. Qh5+ g6 10. Qg4 a6 11. Nf3 Nc6 12. a3 Nb6 13. b3 Qg7 14. Bd3 Ne7 15. 0-0 Nf5 16. Rae1 h5 17. Qf4 Rf8 18. Qd2 Bd7 19. Ne2 0-0-0 20. c4 Bc6 21. c5 Nd7 22. Nf4 Qf7 23. Ng5 Qe8 24. Ngxe6 Nxd4 25. Nxd4 Nxc5 26. Bxg6 Ne4 27. Bxe4 dxe4 28. Qe3 Qxe5 29. Nde6 h4 30. Nxf8 Rxf8 31. Ng6 Rxf1+ 32. Rxf1 Qh5 33. Rf8+ Kd7 34. Qd4+ Bd5 35. Qg7+ Kc6 36. Rf6+ Kb5 37. Qd7+ Kc5 38. Qxc7+ Kd4 39. Qb6+ Kc3 40. Qb4+ Kc2 41. Rf2+ Kc1 42. Qc3+ 1-0

[Event "Dortmund ABC Serie A-21"]
[Site "Dortmund"]
[Date "2004.05.12"]
[Round "5"]
[White "Mueller, Siegfried"]
[Black "Grawe, Herbert"]
[Result "1-0"]
[WhiteElo "1418"]
[BlackElo "1422"]
[PlyCount "76"]
[EventDate "2004.04.21"]
[EventType "tourn"]
[EventRounds "11"]
[EventCountry "GER"]
[SourceTitle "EXT 2006"]
[Source "ChessBase"]
[SourceDate "2005.11.24"]
[SourceVersion "1"]
[SourceVersionDate "2005.11.24"]
[SourceQuality "1"]

1. d4 e6 2. c4 c6 3. Nc3 b6 4. e4 Bb7 5. Nf3 d6 6. Qc2 Be7 7. Bd3 Nd7 8. 0-0 a6 9. a4 c5 10. d5 e5 11. Rb1 Ngf6 12. h3 0-0 13. Be3 Bc8 14. b4 h6 15. bxc5 Nxc5 16. Bxc5 bxc5 17. Rb2 Nh5 18. Ne2 g5 19. g4 Nf4 20. Nxf4 gxf4 21. Nh2 Kh8 22. f3 Rg8 23. Rfb1 Qa5 24. Be2 Bd7 25. Rb7 Bxa4 26. Qb2 Qd8 27. Qb6 Qf8 28. Qc7 Re8 29. Ra1 Bc2 30. Ra2 Bd8 31. Qxf7 Qxf7 32. Rxf7 Bb3 33. Rxa6 Re7 34. Rf6 Rb7 35. Rxh6+ Kg7 36. Raxd6 Bxc4 37. Rhg6+ Kf7 38. Rxg8 Kxg8 1-0

[Event "Dortmund7"]
[Site "Dortmund"]
[Date "2003.10.24"]
[Round "5"]
[White "Grawe, Herbert"]
[Black "Skoecz, Horst"]
[Result "1-0"]
[WhiteElo "1460"]
[BlackElo "1429"]
[PlyCount "57"]
[EventDate "2003.10.01"]
[EventType "tourn"]
[EventRounds "13"]
[EventCountry "GER"]
[SourceTitle "EXT 2007"]
[Source "ChessBase"]
[SourceDate "2006.11.23"]
[SourceVersion "1"]
[SourceVersionDate "2006.11.23"]
[SourceQuality "1"]

1. d4 d5 2. e4 dxe4 3. Nc3 Nf6 4. f3 exf3 5. Nxf3 a6 6. Bd3 Nd5 7. 0-0 Nxc3 8. bxc3 Bg4 9. h3 Bh5 10. Qe1 f6 11. Ba3 c6 12. Qh4 g6 13. g4 Qa5 14. Bb4 Qc7 15. Rae1 Nd7 16. gxh5 g5 17. Qg4 a5 18. Ba3 Nb6 19. Nd2 Nd5 20. Ne4 Bg7 21. h6 Bxh6 22. Nc5 Rf8 23. Qh5+ Rf7 24. Ne4 Nxc3 25. Nd6+ Kd8 26. Nxf7+ Kc8 27. Qg4+ Kb8 28. Rxe7 Qc8 29. Qg3+ 1-0

[Event "Dortmund2"]
[Site "Dortmund"]
[Date "2003.05.16"]
[Round "10"]
[White "Wolff, Holger"]
[Black "Grawe, Herbert"]
[Result "1-0"]
[WhiteElo "1484"]
[BlackElo "1427"]
[PlyCount "27"]
[EventDate "2003.03.26"]
[EventType "tourn"]
[EventRounds "13"]
[EventCountry "GER"]
[SourceTitle "EXT 2007"]
[Source "ChessBase"]
[SourceDate "2006.11.23"]
[SourceVersion "1"]
[SourceVersionDate "2006.11.23"]
[SourceQuality "1"]

1. c4 c5 2. Nc3 e6 3. Nf3 g6 4. d4 cxd4 5. Qxd4 f6 6. a3 Nc6 7. Qd3 Bg7 8. Nb5 d5 9. cxd5 exd5 10. Bf4 Bf5 11. Qe3+ Ne5 12. Nxe5 fxe5 13. Bxe5 Qa5+ 14. Bc3+ 1-0

[Event "Dortmund2"]
[Site "Dortmund"]
[Date "2003.05.02"]
[Round "7"]
[White "Grawe, Herbert"]
[Black "Heckers, Uwe"]
[Result "1-0"]
[WhiteElo "1427"]
[BlackElo "1353"]
[PlyCount "115"]
[EventDate "2003.03.26"]
[EventType "tourn"]
[EventRounds "13"]
[EventCountry "GER"]
[SourceTitle "EXT 2007"]
[Source "ChessBase"]
[SourceDate "2006.11.23"]
[SourceVersion "1"]
[SourceVersionDate "2006.11.23"]
[SourceQuality "1"]

1. d4 Nf6 2. Nc3 e6 3. e4 d5 4. e5 Nfd7 5. Nf3 c5 6. b3 Nc6 7. Bb2 cxd4 8. Nxd4 Ndxe5 9. f4 Nxd4 10. fxe5 Nc6 11. Qe2 Qg5 12. Nb5 Qd8 13. 0-0-0 a6 14. Nc3 Qg5+ 15. Kb1 Qxe5 16. Qf2 Qc7 17. g3 Be7 18. Bg2 0-0 19. Rhe1 Bb4 20. a3 Bxc3 21. Bxc3 Ne7 22. Kb2 b5 23. Bf1 Bd7 24. Bd3 Rfc8 25. Qd2 f6 26. Ba5 Qa7 27. c3 Nc6 28. b4 Nxa5 29. bxa5 Qc7 30. Ka2 Qxa5 31. Re3 g6 32. Bc2 Rc7 33. Rb1 Rac8 34. Rb4 Rc4 35. Bb3 Rxb4 36. cxb4 Qc7 37. Bxd5 Qc2+ 38. Qxc2 Rxc2+ 39. Kb3 Rxh2 40. Bxe6+ Bxe6+ 41. Rxe6 Kf7 42. Rxa6 Re2 43. Ra7+ Ke6 44. Rb7 Re3+ 45. Kb2 Rxg3 46. Rxb5 f5 47. Rb6+ Ke5 48. Rb8 f4 49. Rf8 f3 50. b5 Rg2+ 51. Kc3 Ke4 52. b6 f2 53. b7 Rg3+ 54. Kb4 Rf3 55. b8Q f1Q 56. Qb7+ Ke3 57. Qe7+ Kd4 58. Rd8# 1-0